How to Be a Farmer : An Ancient Guide to Life on the Land /
"An assemblage of selections from classical literature that celebrate country living-what Roman authors called res rusticate"--
| Otros Autores: | |
|---|---|
| Formato: | Electrónico eBook |
| Idioma: | Inglés Latín |
| Publicado: |
Princeton :
Princeton University Press,
[2021]
|
| Colección: | Book collections on Project MUSE.
|
| Temas: | |
| Acceso en línea: | Texto completo |
MARC
| LEADER | 00000cam a22000004a 4500 | ||
|---|---|---|---|
| 001 | musev2_98018 | ||
| 003 | MdBmJHUP | ||
| 005 | 20230905053305.0 | ||
| 006 | m o d | ||
| 007 | cr||||||||nn|n | ||
| 008 | 210406s2021 nju o 00 0 eng d | ||
| 010 | |z 2021010078 | ||
| 020 | |a 9780691224732 | ||
| 020 | |z 9780691211749 | ||
| 035 | |a (OCoLC)1248597778 | ||
| 040 | |a MdBmJHUP |c MdBmJHUP | ||
| 041 | 1 | |a eng |h lat | |
| 245 | 0 | 0 | |a How to Be a Farmer : |b An Ancient Guide to Life on the Land / |c selected, translated, and introduced by M.D. Usher. |
| 264 | 1 | |a Princeton : |b Princeton University Press, |c [2021] | |
| 264 | 3 | |a Baltimore, Md. : |b Project MUSE, |c 2021 | |
| 264 | 4 | |c ©[2021] | |
| 300 | |a 1 online resource. | ||
| 336 | |a text |b txt |2 rdacontent | ||
| 337 | |a computer |b c |2 rdamedia | ||
| 338 | |a online resource |b cr |2 rdacarrier | ||
| 490 | 0 | |a Ancient wisdom for modern readers | |
| 520 | |a "An assemblage of selections from classical literature that celebrate country living-what Roman authors called res rusticate"-- |c Provided by publisher. | ||
| 546 | |a Text in English, partially translated from the Ancient Greek and Latin. | ||
| 588 | |a Description based on print version record. | ||
| 650 | 7 | |a Farm life. |2 fast |0 (OCoLC)fst00921052 | |
| 650 | 7 | |a Country life. |2 fast |0 (OCoLC)fst00881405 | |
| 650 | 7 | |a Classical literature. |2 fast |0 (OCoLC)fst00863509 | |
| 650 | 7 | |a Agriculture, Ancient. |2 fast |0 (OCoLC)fst01200742 | |
| 650 | 7 | |a SELF-HELP / Personal Growth / Happiness. |2 bisacsh | |
| 650 | 7 | |a PHILOSOPHY / History & Surveys / Ancient & Classical. |2 bisacsh | |
| 650 | 0 | |a Agriculture, Ancient |z Rome |x Literary collections. | |
| 650 | 0 | |a Agriculture, Ancient |z Greece |x Literary collections. | |
| 650 | 0 | |a Country life |z Rome |x Literary collections. | |
| 650 | 0 | |a Country life |z Greece |x Literary collections. | |
| 650 | 0 | |a Farm life |z Rome |v Literary collections. | |
| 650 | 0 | |a Farm life |z Greece |v Literary collections. | |
| 650 | 0 | |a Classical literature |v Translations into English. | |
| 651 | 7 | |a Rome (Empire) |2 fast |0 (OCoLC)fst01204885 | |
| 651 | 7 | |a Greece. |2 fast |0 (OCoLC)fst01208380 | |
| 655 | 7 | |a Translations. |2 fast |0 (OCoLC)fst01423791 | |
| 655 | 7 | |a Literary collections. |2 fast |0 (OCoLC)fst01423811 | |
| 655 | 7 | |a Electronic books. |2 local | |
| 700 | 1 | |a Usher, M. D. |q (Mark David), |d 1966- |e compiler, |e translator. | |
| 710 | 2 | |a Project Muse. |e distributor | |
| 830 | 0 | |a Book collections on Project MUSE. | |
| 856 | 4 | 0 | |z Texto completo |u https://projectmuse.uam.elogim.com/book/98018/ |
| 945 | |a Project MUSE - Custom Collection | ||
| 945 | |a Project MUSE - 2021 Complete | ||
| 945 | |a Project MUSE - 2021 Literature | ||


